|
|
|
|
| LEADER |
00000nab a2200000 a 4500 |
| 001 |
vtls000280075 |
| 003 |
SK-MaSNL |
| 005 |
20260303121959.0 |
| 008 |
111130c1987 xo 0 slo |
| 015 |
|
|
|a SNBRB19rr/mm-uuuuu
|
| 035 |
|
|
|a CL0290193
|
| 040 |
|
|
|a SNKBUCL
|b slo
|c SNKBUCL
|e AACR2
|
| 041 |
0 |
|
|a slo
|
| 044 |
|
|
|a xo
|c SK
|
| 080 |
|
|
|a 016:02(437.6)
|2 1981
|
| 080 |
|
|
|a 02(437.6)
|2 1981
|
| 100 |
1 |
|
|a Schwarz, M.
|4 aut
|9 946944
|
| 245 |
1 |
0 |
|a Vyšla "Bibliografia slovenského knihovníctva za roky 1960-1980."
|c M. Schwarz ; Marta Petrovičová, Vlasta Pančíková
|
| 650 |
0 |
7 |
|a knihovníctvo
|2 snkbucl
|9 1557
|
| 650 |
0 |
7 |
|a bibliografie špeciálne
|2 snkbucl
|9 1015618
|
| 655 |
|
7 |
|a články z novín a časopisov
|2 snkbucl
|9 267496
|
| 655 |
|
7 |
|a články z odboru knihovníctvo
|2 snkbucl
|9 166141
|
| 700 |
1 |
|
|a Petrovičová, Marta
|4 aut
|9 539273
|
| 700 |
1 |
|
|a Pančíková, Vlasta
|4 aut
|9 9029
|
| 773 |
0 |
|
|t Metodický informátor pre sieť zdravotníckych knižníc a stredísk vedeckých a technických informácií
|g Roč. 22, č. 2 (1987), s. 122
|
| 787 |
0 |
8 |
|i Rec.:
|a Petrovičová, Marta
|t Bibliografia slovenského knihovníctva za roky 1960-1980
|d Martin : Matica slovenská, 1986
|
| 850 |
|
|
|a Slovenská národná knižnica v Martine
|a MTA001
|
| 852 |
|
|
|a SNK
|b KIS3GCP
|
| 958 |
|
|
|a RK
|
| 958 |
|
|
|a KL
|
| 992 |
|
|
|a RBX
|
| 999 |
|
|
|c 1918528
|d 1920458
|